|
|
|
|
| LEADER |
00000cam a2200000 7i4500 |
| 001 |
0000002967 |
| 005 |
20040325.0 |
| 020 |
0 |
0 |
|a 1891853457
|
| 090 |
0 |
0 |
|a 333.7509598
|b WHI 2002
|
| 245 |
0 |
0 |
|a WHICH way forward? :
|b people, forests, and policymaking in Indonesia
|c edited by Carol J. Pierce Colfer and Ida Aju Pradnja Resosudarmo
|
| 260 |
0 |
0 |
|a Washington, DC :
|b Resources for the Future ; Bogor, Indonesia :
|b Center for International Forestry Research ; Singapore :
|b Institute of Southeast Asian Studies ,
|c 2002
|
| 300 |
|
|
|a xix, 433 p. :
|b ill. ;
|c 23 cm.
|
| 500 |
0 |
0 |
|a Includes bibliographical references and index
|
| 650 |
0 |
0 |
|a Forest management
|z Indonesia
|
| 650 |
0 |
0 |
|a Forest policy
|z Indonesia
|
| 700 |
0 |
1 |
|a Colfer
|h Carol J. Pierce
|
| 700 |
0 |
1 |
|a Resosudarmo
|h Ida Aju Pradnja
|
| 998 |
|
|
|a JPSM
|
| 999 |
|
|
|a 0000005220
|b Monograph
|c Open Shelf
|e Default branch
|